000 00585cam a22001691 4500
001 000010385
005 20200929162227.0
008 761213r1967 uy 000 0 spa
040 _aDO-SdBNP
_bspa
_cBNPHU
100 1 _aGallinal, Gustavo,
_d1889-1951.
_916303
245 1 0 _aLetras uruguayas. /
_cPrólogo de Carlos Real de Azua.
260 _aMontevideo :
_bBiblioteca Artigas,
_c1967.
300 _axxv, 402 p. ;
_c20 cm.
490 1 _aColeccion de clasicos uruguayos,
_vv. 125
700 1 _aReal de Azua, Carlos
_epról.
_925398
830 0 _aColeccion de clasicos uruguayos,
_v125
_925399
999 _c10144
_d10144